Sports Quiz

Random Sports or Soccer Quiz

Premier League Grounds Quiz Stats

 Plays Quiz Updated Jan 3, 2019

Challenge
Share
Tweet
Embed
Score 0/20 Timer 07:00
0 Plays Today
Team Grounds % Correct
Manchester UnitedOld Trafford
95.5%
ArsenalEmirates Stadium
93.6%
LiverpoolAnfield
92.5%
ChelseaStamford Bridge
91.2%
Tottenham HotspurWembley Stadium
84.2%
Manchester CityEtihad Stadium
81.8%
Leicester CityKing Power Stadium
76.8%
FulhamCraven Cottage
74.9%
EvertonGoodison Park
74.6%
West Ham UnitedLondon Stadium
71.5%
Team Grounds % Correct
SouthamptonSt. Mary's Stadium
63.2%
BurnleyTurf Moor
60.8%
Newcastle UnitedSt. James' Park
59.9%
Crystal PalaceSelhurst Park
57.4%
WatfordVicarage Road
47.6%
BournemouthDean Court
47.3%
Wolverhampton WanderersMolineux Stadium
42%
Cardiff CityCardiff City Stadium
37.6%
Huddersfield Town Kirklees Stadium
33.9%
Brighton and Hove AlbionFalmer Stadium
17.7%

You're not logged in!

Compare scores with friends on all Sporcle quizzes.
OR
Log In

You Might Also Like...

Show Comments

Extras

Top Quizzes Today


Score Distribution

Your Account Isn't Verified!

In order to create a playlist on Sporcle, you need to verify the email address you used during registration. Go to your Sporcle Settings to finish the process.

Report this User

Report this user for behavior that violates our Community Guidelines.

Details: